<?xml version="1.0" encoding="UTF-8"?>
<record
    xmlns:xsi="http://www.w3.org/2001/XMLSchema-instance"
    xsi:schemaLocation="http://www.loc.gov/MARC21/slim http://www.loc.gov/standards/marcxml/schema/MARC21slim.xsd"
    xmlns="http://www.loc.gov/MARC21/slim">

  <leader>01231nam a22001337a 4500</leader>
  <datafield tag="999" ind1=" " ind2=" ">
    <subfield code="c">533172</subfield>
    <subfield code="d">533172</subfield>
  </datafield>
  <controlfield tag="008">260428b           ||||| |||| 00| 0 eng d</controlfield>
  <datafield tag="100" ind1=" " ind2=" ">
    <subfield code="a"> Rajan, S. Irudaya  and Retnakumar, J.</subfield>
    <subfield code="9">60289</subfield>
  </datafield>
  <datafield tag="245" ind1=" " ind2=" ">
    <subfield code="a">Population crossovers and INDIA&#x2019;s ageing dynamics</subfield>
  </datafield>
  <datafield tag="260" ind1=" " ind2=" ">
    <subfield code="a">Economic &amp; Political Weekly  </subfield>
  </datafield>
  <datafield tag="300" ind1=" " ind2=" ">
    <subfield code="a">61(9), Feb 28, 2026: p.40-45</subfield>
  </datafield>
  <datafield tag="520" ind1=" " ind2=" ">
    <subfield code="a">A profound shift is underway in global demographics, with one of the most prominent features being the rapid ageing of the population. India is riding this demographic wave too, fuelled by improvements in longevity and plummeting fertility rates, culminating in a growing share of the elderly. This paper examines India&#x2019;s emerging ageing trajectory and identifies the potential age-crossover tipping points in the latter half of the 21st century. Though India is expected to move from its first demographic dividend to the second demographic dividend, or silver dividend, it is likely to generate substantial economic strains on the state exchequer for healthcare and social security.-Reproduced 

https://www.epw.in/journal/ageing-health-and-social-security/population-crossovers-and-indias-ageing-dynamics.html
</subfield>
  </datafield>
  <datafield tag="773" ind1=" " ind2=" ">
    <subfield code="a">Economic &amp; Political Weekly  </subfield>
  </datafield>
  <datafield tag="942" ind1=" " ind2=" ">
    <subfield code="c">AR</subfield>
  </datafield>
  <datafield tag="952" ind1=" " ind2=" ">
    <subfield code="0">0</subfield>
    <subfield code="1">0</subfield>
    <subfield code="2">ddc</subfield>
    <subfield code="4">0</subfield>
    <subfield code="7">0</subfield>
    <subfield code="9">408343</subfield>
    <subfield code="a">IIPA</subfield>
    <subfield code="b">IIPA</subfield>
    <subfield code="d">2026-04-28</subfield>
    <subfield code="h">61(9), Feb 28, 2026: p.40-45</subfield>
    <subfield code="p">AR138683</subfield>
    <subfield code="r">2026-04-28</subfield>
    <subfield code="y">AR</subfield>
  </datafield>
</record>
